| 000 | 00378pam a2200157a 44500 | ||
|---|---|---|---|
| 008 | 230405s2004 xxu||||| |||| 00| 0 eng d | ||
| 041 | _aENG | ||
| 100 | _aDeshpande .Neela .J | ||
| 245 | _aUniversity And College Librarinship in india | ||
| 250 | _a1 | ||
| 260 |
_a _bUniversity of Pune _c2004 |
||
| 300 | _a333p,22cms | ||
| 440 | _a600 | ||
| 690 | _aIMRDA | ||
| 906 | _a4719 | ||
| 999 |
_c257578 _d257578 |
||